000 00613nam a2200181Ia 4500
005 20260429112238.0
008 260429s9999||||xx |||||||||||||| ||und||
020 _a9789386863898
041 _aHindi
082 _a891.431
_bMIS
100 _aमिश्र, विद्यानिवास
245 0 _aहिन्दी की जनपदीय कविता /
_cविद्यानिवास मिश्र
250 _a2nd ed.
260 _aप्रयागराज :
_bलोकभारती प्रकाशन,
_c2018.
300 _a727 p.; Hb
650 _aPoetry
942 _cTB
999 _c53092
_d53092